<?xml version="1.0" encoding="UTF-8"?>
<record
    xmlns:xsi="http://www.w3.org/2001/XMLSchema-instance"
    xsi:schemaLocation="http://www.loc.gov/MARC21/slim http://www.loc.gov/standards/marcxml/schema/MARC21slim.xsd"
    xmlns="http://www.loc.gov/MARC21/slim">

  <leader>00728nam a2200229 a 4500</leader>
  <controlfield tag="001">000044365</controlfield>
  <controlfield tag="003">0.DO-SdBNP</controlfield>
  <controlfield tag="005">20180402090228.0</controlfield>
  <controlfield tag="007">000044365</controlfield>
  <controlfield tag="008">140624s2010    dr            000 0 spa d</controlfield>
  <datafield tag="020" ind1=" " ind2=" ">
    <subfield code="a">9789945874709</subfield>
  </datafield>
  <datafield tag="040" ind1=" " ind2=" ">
    <subfield code="a">BPMET</subfield>
    <subfield code="b">spa</subfield>
    <subfield code="c">BPMET</subfield>
  </datafield>
  <datafield tag="100" ind1="1" ind2=" ">
    <subfield code="a">Ort&#xED;z Fr&#xED;as, Sagrario</subfield>
  </datafield>
  <datafield tag="245" ind1="1" ind2="0">
    <subfield code="a">El maravilloso mundo del agua =</subfield>
    <subfield code="b">The marvelous world of water /</subfield>
    <subfield code="c">Sagrario Ort&#xED;z Fr&#xED;as.</subfield>
  </datafield>
  <datafield tag="246" ind1="1" ind2="3">
    <subfield code="a">The marvelous world of water </subfield>
  </datafield>
  <datafield tag="260" ind1=" " ind2=" ">
    <subfield code="a">Santo Domingo :</subfield>
    <subfield code="b">O&amp;D Impresi&#xF3;n,</subfield>
    <subfield code="c">2010.</subfield>
  </datafield>
  <datafield tag="300" ind1=" " ind2=" ">
    <subfield code="a">20 p. :</subfield>
    <subfield code="b">il. ;</subfield>
    <subfield code="c">18 cm.</subfield>
  </datafield>
  <datafield tag="942" ind1=" " ind2=" ">
    <subfield code="2">ddc</subfield>
    <subfield code="c">BK</subfield>
  </datafield>
  <datafield tag="945" ind1=" " ind2=" ">
    <subfield code="a">Remanejado para la BNPHU / 2018 VM</subfield>
  </datafield>
  <datafield tag="952" ind1=" " ind2=" ">
    <subfield code="0">0</subfield>
    <subfield code="1">0</subfield>
    <subfield code="2">ddc</subfield>
    <subfield code="4">0</subfield>
    <subfield code="7">0</subfield>
    <subfield code="8">CI-D</subfield>
    <subfield code="a">BPMET</subfield>
    <subfield code="b">BPMET</subfield>
    <subfield code="d">2015-03-02</subfield>
    <subfield code="l">0</subfield>
    <subfield code="p">BPMET15040233</subfield>
    <subfield code="r">2015-03-02</subfield>
    <subfield code="w">2015-03-02</subfield>
    <subfield code="y">BK</subfield>
  </datafield>
  <datafield tag="956" ind1=" " ind2=" ">
    <subfield code="a">VMATEO</subfield>
    <subfield code="b">10</subfield>
    <subfield code="c">20140630</subfield>
    <subfield code="l">BNPHU</subfield>
    <subfield code="h">1316</subfield>
  </datafield>
  <datafield tag="956" ind1=" " ind2=" ">
    <subfield code="a">VMATEO</subfield>
    <subfield code="b">10</subfield>
    <subfield code="c">20150907</subfield>
    <subfield code="l">BPMSU</subfield>
    <subfield code="h">00151</subfield>
  </datafield>
  <datafield tag="999" ind1=" " ind2=" ">
    <subfield code="c">7532</subfield>
    <subfield code="d">7532</subfield>
  </datafield>
</record>
